Podojenie Zlatého teľaťa

Bibliographic Details
Main Author: Barborík, Vladimír, 1965- (Author)
Format: Article
Language:Slovak
PhysicalDescription:Lit. 4 zázn. v slov.
Subjects:

MARC

LEADER 00000nab a2200000 a 4500
001 vtls000443608
003 SK-MaSNL
005 20260303164326.0
008 230313c1991 xo 0 slo
015 |a SNBRB19rr/mm-uuuuu 
035 |a CL0443738 
035 |a urn:nbn:sk:snk-abbmhq 
035 |a (urnnbn)urn:nbn:sk:snk:ar-002q2r 
035 |a (uuid)6789551d-62a2-45c1-898b-fb1a796758d9 
040 |a SNKBUCL  |b slo  |c SNKBUCL  |e AACR2 
041 0 |a slo 
044 |a xo  |c SK 
080 |a 82.091:885.4:882  |2 1981 
080 |a 885.4  |2 1981 
080 |a 882  |2 1981 
080 |a 885.4.091  |2 1981 
080 |a 882.091  |2 1981 
080 |a 82.033  |2 1981 
080 |a 885.4-3  |2 1981 
080 |a 885.4-3.033  |2 1981 
080 |a 882-3.033  |2 1981 
100 1 |a Barborík, Vladimír,  |d 1965-  |4 aut  |9 99018 
245 1 0 |a Podojenie Zlatého teľaťa  |c Vladimír Barborík 
300 |b Lit. 4 zázn. v slov. 
600 1 7 |a Iľf, Iľja,  |d 1897-1937  |t Zlaté teľa  |2 snkbucl  |9 1189773 
600 1 7 |a Mináč, Vladimír,  |d 1922-1996  |t Výrobca šťastia  |2 snkbucl  |9 220939 
600 1 7 |a Petrov, Jevgenij,  |d 1903-1942  |t Zlaté teľa  |2 snkbucl  |9 998141 
655 7 |a komparatívne štúdie  |2 snkbucl  |9 339271 
655 7 |a články z novín a časopisov  |2 snkbucl  |9 267496 
773 0 |t Dotyky  |g Roč. 3, č. 10 (1991), s. 35-37 
850 |a Slovenská národná knižnica v Martine  |a MTA001 
852 |a SNK  |b KIS3GCP 
958 |a OND 
958 |a EUIPO 
958 |a article15 
992 |a RBX 
999 |c 2064591  |d 2066521